عرض عادي
عرض مارك
- الاقتصاد الكلي
دخول Topical Term
001 - CONTROL NUMBER
- control field: 27402
003 - CONTROL NUMBER IDENTIFIER
- control field: AE-AdECS
005 - DATE AND TIME OF LATEST TRANSACTION
- control field: 20260318121847.0
008 - FIXED-LENGTH DATA ELEMENTS
- fixed length control field: 260318|| aca||aabn | a|a d
040 ## - CATALOGING SOURCE
- Original cataloging agency: AE-AdECS
- Transcribing agency: AE-AdECS
150 ## - HEADING--TOPICAL TERM
- Topical term or geographic name entry element: الاقتصاد الكلي
- General subdivision: في التجارة
670 ## - SOURCE DATA FOUND
- Source citation: Work cat.: (AE-AdECS)294442: محمد، أحمد توفيق مؤلف. 27401, الاقتصاد التجاري الكلي /
